Leading on the edge of chaos ,the 10 critical elements for success in volatile times (Record no. 569882)
[ view plain ]
| 000 -LEADER | |
|---|---|
| fixed length control field | 00485nam a22001697a 4500 |
| 003 - CONTROL NUMBER IDENTIFIER | |
| control field | CEME |
| 005 - DATE AND TIME OF LATEST TRANSACTION | |
| control field | 20210628202453.0 |
| 008 - FIXED-LENGTH DATA ELEMENTS--GENERAL INFORMATION | |
| fixed length control field | 210121b xxu||||| |||| 00| 0 eng d |
| 020 ## - INTERNATIONAL STANDARD BOOK NUMBER | |
| International Standard Book Number | 81-7449-367-8 |
| 022 ## - INTERNATIONAL STANDARD SERIAL NUMBER | |
| International Standard Serial Number | 658 MUR |
| 040 ## - CATALOGING SOURCE | |
| Transcribing agency | ceme |
| 100 ## - MAIN ENTRY--PERSONAL NAME | |
| Personal name | Murphy, Emmett . C , Murphy, Mark . A |
| 9 (RLIN) | 60046 |
| 245 ## - TITLE STATEMENT | |
| Title | Leading on the edge of chaos ,the 10 critical elements for success in volatile times |
| 260 ## - PUBLICATION, DISTRIBUTION, ETC. | |
| Place of publication, distribution, etc. | NEW DELHI |
| Name of publisher, distributor, etc. | KOGAN PAGE |
| Date of publication, distribution, etc. | 2003 |
| 300 ## - PHYSICAL DESCRIPTION | |
| Extent | XIV226P |
| 942 ## - ADDED ENTRY ELEMENTS (KOHA) | |
| Koha item type | Book |
| Source of classification or shelving scheme | |
| Withdrawn status | Lost status | Damaged status | Not for loan | Permanent Location | Current Location | Shelving location | Date acquired | Total Checkouts | Barcode | Date last seen | Price effective from | Koha item type |
|---|---|---|---|---|---|---|---|---|---|---|---|---|
| College of Electrical & Mechanical Engineering (CEME) | College of Electrical & Mechanical Engineering (CEME) | General Stacks | 07/19/2017 | CEME-41233 | 06/28/2021 | 06/28/2021 | Book |
